000 00291nam a2200121Ia 4500
005 20251222141823.0
008 251222s9999||||xx |||||||||||||| ||spa||
082 _a780.1/V23/Ej.2
100 _aValls Gorina, Manuel
245 0 _aAproximación a la Música:
264 _bSalvat
942 _cLIB
999 _c6877
_d6877